Madresfield : (Record no. 96)
[ view plain ]
| 000 -LEADER | |
|---|---|
| fixed length control field | 01225pam a2200337 a 4500 |
| 001 - CONTROL NUMBER | |
| control field | 4248981 |
| 005 - DATE AND TIME OF LATEST TRANSACTION | |
| control field | 20200421093819.0 |
| 008 - FIXED-LENGTH DATA ELEMENTS--GENERAL INFORMATION | |
| fixed length control field | 081029r20092008enkacfj b 001 0 eng d |
| 015 ## - NATIONAL BIBLIOGRAPHY NUMBER | |
| National bibliography number | GBA8D1109 |
| Source | bnb |
| 020 ## - INTERNATIONAL STANDARD BOOK NUMBER | |
| International Standard Book Number | 9780552772389 (pbk.) : |
| Terms of availability | £8.99 |
| 020 ## - INTERNATIONAL STANDARD BOOK NUMBER | |
| International Standard Book Number | 0552772380 (pbk.) : |
| Terms of availability | £8.99 |
| 035 ## - SYSTEM CONTROL NUMBER | |
| System control number | (UkOxU)UkOxUb16949256 |
| 035 ## - SYSTEM CONTROL NUMBER | |
| System control number | (Uk)014821422 |
| 035 ## - SYSTEM CONTROL NUMBER | |
| System control number | 1964466 |
| 040 ## - CATALOGING SOURCE | |
| Original cataloging agency | StDuBDS |
| Language of cataloging | eng |
| Transcribing agency | StDuBDS |
| 042 ## - AUTHENTICATION CODE | |
| Authentication code | ukscp |
| 082 04 - DEWEY DECIMAL CLASSIFICATION NUMBER | |
| Classification number | 942.447 |
| Edition information | 22 |
| 100 1# - MAIN ENTRY--PERSONAL NAME | |
| Personal name | Mulvagh, Jane. |
| 9 (RLIN) | 117 |
| 245 10 - TITLE STATEMENT | |
| Title | Madresfield : |
| Remainder of title | one home, one family, one thousand years / |
| Statement of responsibility, etc. | Jane Mulvagh. |
| 246 14 - VARYING FORM OF TITLE | |
| Title proper/short title | Madresfield : |
| Remainder of title | the real Brideshead |
| 260 ## - PUBLICATION, DISTRIBUTION, ETC. | |
| Place of publication, distribution, etc. | London : |
| Name of publisher, distributor, etc. | Black Swan, |
| Date of publication, distribution, etc. | 2009, c2008. |
| 300 ## - PHYSICAL DESCRIPTION | |
| Extent | 496 p., [12] p. of plates : |
| Other physical details | ill. (some col.), ports., geneal. tables ; |
| Dimensions | 20 cm. |
| 500 ## - GENERAL NOTE | |
| General note | Originally published: London : Doubleday, 2008. |
| 504 ## - BIBLIOGRAPHY, ETC. NOTE | |
| Bibliography, etc. note | Includes bibliographical references and index. |
| 600 30 - SUBJECT ADDED ENTRY--PERSONAL NAME | |
| Personal name | Ligon family. |
| 9 (RLIN) | 118 |
| 610 20 - SUBJECT ADDED ENTRY--CORPORATE NAME | |
| Corporate name or jurisdiction name as entry element | Madresfield Court (England) |
| 9 (RLIN) | 119 |
| 650 #0 - SUBJECT ADDED ENTRY--TOPICAL TERM | |
| Topical term or geographic name entry element | Manors |
| Geographic subdivision | England |
| -- | Worcestershire |
| General subdivision | History. |
| 9 (RLIN) | 120 |
| 650 #0 - SUBJECT ADDED ENTRY--TOPICAL TERM | |
| Topical term or geographic name entry element | Upper class families |
| Geographic subdivision | England |
| -- | Worcestershire |
| General subdivision | History. |
| 9 (RLIN) | 121 |
| 651 #0 - SUBJECT ADDED ENTRY--GEOGRAPHIC NAME | |
| Geographic name | Worcerstershire (England) |
| General subdivision | Social life and customs. |
| 9 (RLIN) | 122 |
| 942 ## - ADDED ENTRY ELEMENTS (KOHA) | |
| Source of classification or shelving scheme | Dewey Decimal Classification |
| Koha item type | Books |
| Withdrawn status | Lost status | Damaged status | Not for loan | Collection | Home library | Current library | Shelving location | Date acquired | Barcode | Date last seen | Price effective from | Koha item type |
|---|---|---|---|---|---|---|---|---|---|---|---|---|
| Reference | Centerville | Centerville | General stacks | 09/04/2014 | 39999000003956 | 09/04/2014 | 09/04/2014 | Books | ||||
| Reference | Fairview | Fairview | General stacks | 09/04/2014 | 39999000003970 | 09/04/2014 | 09/04/2014 | Books | ||||
| Reference | Fairview | Fairview | General stacks | 09/04/2014 | 39999000003994 | 09/04/2014 | 09/04/2014 | Books |